Automobile Club d'Égypte / (Record no. 3623)

MARC details
000 -LEADER
fixed length control field 01616cam a2200361 i 4500
001 - CONTROL NUMBER
control field 3623
003 - CONTROL NUMBER IDENTIFIER
control field FISKH
005 - DATE AND TIME OF LATEST TRANSACTION
control field 20240328144315.0
008 - FIXED-LENGTH DATA ELEMENTS--GENERAL INFORMATION
fixed length control field 240328b cb ||||| |||| 00| 0 fre d
010 ## - LIBRARY OF CONGRESS CONTROL NUMBER
LC control number 2014048968
020 ## - INTERNATIONAL STANDARD BOOK NUMBER
International Standard Book Number 9782330053963
040 ## - CATALOGING SOURCE
Original cataloging agency DLC
Language of cataloging eng
Transcribing agency DLC
Description conventions rda
Modifying agency DLC
041 1# - LANGUAGE CODE
Language code of text/sound track or separate title eng
Language code of original ara
042 ## - AUTHENTICATION CODE
Authentication code pcc
043 ## - GEOGRAPHIC AREA CODE
Geographic area code f-ua---
050 00 - LIBRARY OF CONGRESS CALL NUMBER
Classification number PJ7814.S93
Item number N3313 2015
082 00 - DEWEY DECIMAL CLASSIFICATION NUMBER
Classification number 892.7/37
Edition number 23
100 1# - MAIN ENTRY--PERSONAL NAME
Personal name Aswānī, ʻAlāʼ,
Dates associated with a name 1957-
240 10 - UNIFORM TITLE
Uniform title Nādī al-sayyārāt.
Language of a work French
245 14 - TITLE STATEMENT
Title Automobile Club d'Égypte /
Statement of responsibility, etc. roman traduit de l'arabe par Gilles Gauthier
264 #1 - PRODUCTION, PUBLICATION, DISTRIBUTION, MANUFACTURE, AND COPYRIGHT NOTICE
Place of production, publication, distribution, manufacture New York :
Name of producer, publisher, distributor, manufacturer Alfred A. Knopf,
Date of production, publication, distribution, manufacture, or copyright notice 2015.
300 ## - PHYSICAL DESCRIPTION
Extent 475 pages :
Dimensions 18 cm.
336 ## - CONTENT TYPE
Content type term text
Content type code txt
Source rdacontent
337 ## - MEDIA TYPE
Media type term unmediated
Media type code n
Source rdamedia
338 ## - CARRIER TYPE
Carrier type term volume
Carrier type code nc
Source rdacarrier
520 ## - SUMMARY, ETC.
Summary, etc. Cairo at the very end of Ottoman rule. Behind the doors of the Automobile Club of Egypt, Egyptian staff attend to the every need of Cairo's European elite - the way they always have done, it seems.But soon the social upheaval out on the street will break its way through the club's gilded doors, and its inhabitants above and below stairs must all confront their choices: to live safely without dignity, or to fight for their rights and risk everything.
651 #0 - SUBJECT ADDED ENTRY--GEOGRAPHIC NAME
Geographic name Egypt
General subdivision Social conditions
Form subdivision Fiction.
651 #0 - SUBJECT ADDED ENTRY--GEOGRAPHIC NAME
Geographic name Egypt
General subdivision Politics and government
Form subdivision Fiction.
700 1# - ADDED ENTRY--PERSONAL NAME
Personal name Harris, Russell,
Relator term translator.
906 ## - LOCAL DATA ELEMENT F, LDF (RLIN)
a 7
b cbc
c orignew
d 1
e ecip
f 20
g y-gencatlg
942 ## - ADDED ENTRY ELEMENTS (KOHA)
Source of classification or shelving scheme Dewey Decimal Classification
Koha item type Books
Suppress in OPAC No
Holdings
Withdrawn status Lost status Source of classification or shelving scheme Damaged status Not for loan Collection Home library Current library Shelving location Date acquired Total Checkouts Full call number Barcode Date last seen Price effective from Koha item type
    Dewey Decimal Classification     Fiction Footprints International School Library Network Toul Kork Campus Footprints International School Library Network Toul Kork Campus TK Floor 4 Rear Hallway Shelf 1 (Adult/Secondary Foriegn Language/Khmer) 03/28/2024   ASW 892.7 PJ7814.S93 2024-0422 03/28/2024 03/28/2024 Books